| 000 | 00504cam a2200193 4500 | ||
|---|---|---|---|
| 001 | D15152 | ||
| 008 | 090401t1971 xxu||||| |||| 00| 0 eng d | ||
| 035 | _a(Sirsi) u20563 | ||
| 041 | _aeng | ||
| 050 | _a526.907 | ||
| 110 |
_aRoyal Institution of Chartered Surveyors _94900 |
||
| 245 | _aCandidate`s guide to the professional examinations, revised August 1971 | ||
| 260 |
_bRICS _c1971 |
||
| 300 | _a40p | ||
| 350 | _a0 | ||
| 520 | _aFiled in box 1971/27 ABC | ||
| 942 | _n0 | ||
| 948 | _c04/03/1997 | ||
| 999 |
_c87840 _d87840 |
||